000 00734cab a22002295a 4500
001 L144189
008 080703e20080621xxkao f s 000 0 eng d
035 _a(Sirsi) u144189
041 0 _aeng
110 2 _aEstates Gazette
_9298
245 0 0 _aEG
_bresidential (supplement)
260 _c2008
490 _aEstates Gazette
_v(824) 21 June 2008 (supplement)
520 _aLook at the residential sector, with sections on the changing market; the credit crunch and regeneration in Milton Keynes.
651 4 _aUnited Kingdom
_y
690 _aPROPERTY-RESIDENTIAL PROPERTY-RESIDENTIAL PROPERTY MARKET
700 1 _aDonnell, Richard
700 1 _aNorwood, Graham
700 1 _aPryor, Henry
700 1 _aNeale, Jon
942 _n0
999 _c80376
_d80376